浜松市の市立小学校 - Statistics

General Stats
  • This quiz has been taken 9 times
  • The average score is 32 of 96
Answer Stats
学校名 % Correct
中央区 西小学校
100%
中央区 東小学校
100%
中央区 曳馬小学校
83%
中央区 上島小学校
83%
中央区 舞阪小学校
83%
中央区 中部小学校
83%
浜名区 浜名小学校
83%
中央区 新津小学校
67%
中央区 三方原小学校
67%
中央区 篠原小学校
67%
浜名区 都田小学校
67%
浜名区 北浜小学校
67%
浜名区 三ヶ日東小学校
67%
浜名区 三ヶ日西小学校
67%
天竜区 水窪小学校
67%
中央区 富塚小学校
50%
中央区 入野小学校
50%
中央区 積志小学校
50%
中央区 佐鳴台小学校
50%
中央区 大平台小学校
50%
浜名区 気賀小学校
50%
浜名区 金指小学校
50%
天竜区 二俣小学校
50%
天竜区 上阿多古小学校
50%
天竜区 下阿多古小学校
50%
天竜区 熊小学校
50%
天竜区 佐久間小学校
50%
中央区 相生小学校
33%
中央区 広沢小学校
33%
中央区 蒲小学校
33%
中央区 河輪小学校
33%
中央区 船越小学校
33%
中央区 和田小学校
33%
中央区 与進小学校
33%
中央区 笠井小学校
33%
中央区 中ノ町小学校
33%
中央区 芳川小学校
33%
中央区 飯田小学校
33%
中央区 豊岡小学校
33%
中央区 和地小学校
33%
中央区 葵が丘小学校
33%
中央区 村櫛小学校
33%
中央区 泉小学校
33%
中央区 中郡小学校
33%
中央区 芳川北小学校
33%
中央区 有玉小学校
33%
中央区 初生小学校
33%
中央区 和田東小学校
33%
中央区 可美小学校
33%
中央区 雄踏小学校
33%
中央区 南の星小学校
33%
中央区 庄内小学校
33%
浜名区 都田南小学校
33%
浜名区 北浜東小学校
33%
浜名区 井伊谷小学校
33%
浜名区 尾奈小学校
33%
天竜区 横山小学校
33%
天竜区 犬居小学校
33%
天竜区 気田小学校
33%
天竜区 浦川小学校
33%
中央区 県居小学校
17%
中央区 竜禅寺小学校
17%
中央区 追分小学校
17%
中央区 浅間小学校
17%
中央区 城北小学校
17%
中央区 神久呂小学校
17%
中央区 砂丘小学校
17%
中央区 瑞穂小学校
17%
中央区 富塚西小学校
17%
中央区 西都台小学校
17%
中央区 双葉小学校
17%
浜名区 麁玉小学校
17%
浜名区 北浜北小学校
17%
浜名区 内野小学校
17%
浜名区 北浜南小学校
17%
浜名区 伎倍小学校
17%
浜名区 西気賀小学校
17%
浜名区 中川小学校
17%
浜名区 奥山小学校
17%
浜名区 引佐北部小学校
17%
天竜区 光明小学校
17%
中央区 佐藤小学校
0%
中央区 萩丘小学校
0%
中央区 白脇小学校
0%
中央区 鴨江小学校
0%
中央区 豊西小学校
0%
中央区 花川小学校
0%
中央区 伊佐見小学校
0%
中央区 大瀬小学校
0%
中央区 与進北小学校
0%
中央区 葵西小学校
0%
浜名区 中瀬小学校
0%
浜名区 赤佐小学校
0%
浜名区 新原小学校
0%
浜名区 伊目小学校
0%
浜名区 平山小学校
0%
No matching quizzes found
Score Distribution
Percent of People with Each Score
Percentile by Number Answered
Your Score History
You have not taken this quiz